| 000 | 00634nam a22002297a 4500 | ||
|---|---|---|---|
| 001 | 2341 | ||
| 005 | 20241106154913.0 | ||
| 020 | _a9780545099943 | ||
| 040 |
_aFISKH _beng _cFISKH _dFISKH |
||
| 050 | _aTL147.C66 | ||
| 082 | _a629.046 | ||
| 100 | _aCooper, Wade | ||
| 245 |
_aOn the road _cWade Cooper |
||
| 250 | _aThis edition first printing, January 2009 | ||
| 260 |
_aNew York : _bScholastic, _c2008 |
||
| 300 |
_a30 pages : _billustrations _c23 cm |
||
| 505 | _aG | ||
| 520 | _aSimple words introduce all sorts of vehicles to young readers. | ||
| 521 |
_a360
_bLexile |
||
| 521 |
_aG
_bRaz-Plus |
||
| 942 |
_2ddc _cBK _n0 |
||
| 999 |
_c2341 _d2341 |
||